000 01644nam a2200457 i 4500
999 _c50653
_d50653
001 50653
003 ES-MaCES
005 20180411104736.0
008 180410s2018 sp | ||||o000 0|spa |
017 _aM 2487-2018
_bDL
020 _a9788473516211
020 _a9788473516228 (formato electrónico)
024 7 _a174-18-005-X
_2nipo
024 7 _a174-18-006-5 (formato electrónico)
_2nipo
040 _aES-MaCES
_bspa
_cES-MaCES
_erdc
245 0 0 _aRepensando la ciudad inteligente desde la innovación social digital ciudadana
_cautores, Alejandra Boni Aristizábal ... [et a.]
250 _a1ª ed
260 _aMadrid
_bInstituto Nacional de Administración Pública
_c2018
300 _a72 p.
_bgráf. bl. y n.
_c24 cm
490 1 _aInnap investiga. Serie Innovación social
504 _aBibliografía: p. 66-72
541 0 _cGratuito
650 4 _aciudad
_928617
650 4 _anueva ciudad
_928614
650 4 _aplanificación urbana
_928620
650 4 _ainnovación
_928230
650 4 _adesarrollo social
_929239
650 4 _anuevas tecnologías
_930788
650 4 _atecnología de la información
_930104
650 4 _agobierno regional
_929907
650 4 _aparticipación popular
_929756
650 4 _ademocracia
_927175
650 4 _aEspaña
_926964
650 4 _aestudio de casos
_928846
653 _aVivienda-Construcción-Urbanismo
700 1 _939020
_aBoni Aristizábal, Alejandra
710 2 _94265
_aInstituto Nacional de Administración Pública (España)
_eed.
830 0 _936489
_aColección INNAP Investiga
_pSerie Innovación social
902 _aLIB Libro
942 _2CES
_cBK
_h5.2.